000
00184nam a2200085Ia 4500
008
250605s9999 xx 000 0 und d
041
_a
eng
100
_a
Aseem Sharma
245
_a
Taal Inc.
999
_c
44329
_d
44329